LEADER 01462nam a2200349 u 4500 001 000000013551 003 CaOOAMICUS 005 20070226105650.0 008 940517s1991 it u000 u ita u 020 $a88-311-4914-8 035 $a10323438 040 $aPUL$bita 041 1 $aita$hger 100 1 $aStemberger, Günter.$0(OLS)http://pul/name/12739 240 04$aDas klassische Judentum.$lItaliano.$0(OLS)http://pul/title/19554 245 13$aIl giudaismo classico :$bcultura e storia del tempo rabbinico (dal 70 al 1040) /$cGünter Stemberger. 260 $aRoma :$bCittà Nuova,$cc1991. 300 $a348 p. ;$c20 cm 490 1 $aTradizione d'Israele ;$v7 500 $aComprende indici. 504 $aBibliografia: p. 307-319. 650 4$aGiudaismo$xStoria.$0(OLS)http://pul/subject/76 700 1 $aCattani, Luigi.$0(OLS)http://pul/name/12741 700 1 $aCattani, Daniela.$0(OLS)http://pul/name/12740 830 0$aTradizione d'Israele ;$v7.$0(OLS)http://pul/title/19556 850 $aPUL 852 $aPUL$W1$xSL Religione 1$y3$m7(1) D 97$j19095$nBK-PRI$b $qStampati$B19095$CPULBib$Z2$F19095 $H $81 941 1 $a8 961 $aINV: 68600 996 $6020$a88-311-4914-8$9(OLS)http://pul/number/17325 996 $6245$aIl giudaismo classico :$bcultura e storia del tempo rabbinico (dal 70 al 1040)$9(OLS)http://pul/title/19555 996 $6260$aRoma :$bCittà Nuova$9(OLS)http://pul/publisher/47927 LEADER 01721nam a2200313 a 4500 001 000000157086 003 CaOOAMICUS 005 20161205083807.0 008 161205s1980 it u000 u ita r 032 $aLibriCat 040 $aPUL$bita 100 1 $aRizzi, Giovanni,$csac.,$d1950-$0(OLS)http://pul/name/24313 245 10$aSermoni poetici geremiani appartenenti al ciclo del pericolo proveniente dal Nord :$buno studio sul genere letterario di Ger. 4:5-6:30 e Ger. 8:4-9:25 /$cGiovanni Rizzi. 260 $aRoma :$bPontificio Ateneo Antoniano,$c1980. 300 $a147 p. ;$c24 cm. 502 $aEstratto da tesi -- Pontificium Athenaeum Antonianum. Facultas Theologica. Sectio Biblica Hierosolymitana. 1980. 504 $aBibliografia in nota. 630 04$aBiblia.$pV.T.$pIeremias.$0(OLS)http://pul/subject/7181 710 2 $aPontificio Ateneo Antoniano.$bFacoltà di Teologia.$kTesi.$0(OLS)http://pul/name/99830 850 $aPUL 852 $aPUL$W1$xDP1 Tesi Pon. At. Antonianum$y30$mTH ANT TH261$j180369$qTesi$B183494$CPULBib$Z2$F183494 $H49175 $82 910 $aPontificium Athenaeum Antonianum.$bFacultas Theologiae.$kTesi$999830 910 $aPontificia Università Antonianum.$bFacoltà di teologia.$kTesi$999830 910 $aPontificia Università Antonianum.$bFacoltà di teologia.$kTesi$999830 941 1 $a16 960 $aBibbia.$aV. T.$aGeremia$97181 996 $6245$aSermoni poetici geremiani appartenenti al ciclo del pericolo proveniente dal Nord :$buno studio sul genere letterario di Ger. 4:5-6:30 e Ger. 8:4-9:25$9(OLS)http://pul/title/196684 996 $6260$aRoma :$bPontificio Ateneo Antoniano$9(OLS)http://pul/publisher/85667